000 00581nam a22001697a 4500
008 161116b xxu||||| |||| 00| 0 eng d
022 _a01153544
082 _aDPer 338.05 En86 Apr-Jul 2015 v. 15, n. 158-161
100 _917433
_aPe, Charlene.
245 _aFamily banking:
_bhow to hit up family and friend for a loan/
_cCharlene Pe.
260 _aPhilippines:
_bSummit Media,
_cApr-Jul 2015.
300 _av15 n158, pages 23-25:
_billustrations,
_c28 cm.
500 _aEntrepreneur.
650 0 _918978
_aBanks and banking
_xPersonal finance
942 _2ddc
_cPER
999 _c5683
_d5683